000 00526njm a2200181 i 4500
001 C2-0344430
003 PPAK
005 20180729152604.0
008 171231s2010 my |||| ||||| | may d
040 _aPPAK
_beng
_cPPAK
_erda
245 0 0 _aOpick
264 1 _aKuala Lumpur :
_bTropic Jaya Entertainment Sdn. Bhd. ,
_c2010
336 _2rdacontent
_atext
337 _2rdamedia
_aunmediated
338 _2rdacarrier
_avolume
650 1 0 _aIslamic music. ; Popular music - Indonesia. ; Singers - Indonesia.
942 _ddc
_cB
999 _c164035
_d164035